|
|
|
|
| LEADER |
00000nab a2200000 a 4500 |
| 001 |
vtls000702622 |
| 003 |
SK-MaSNL |
| 005 |
20260304110436.0 |
| 008 |
250429c1999 xo 0 slo |
| 015 |
|
|
|a SNBRB1999/09-19501
|
| 035 |
|
|
|a CLN000054789
|
| 035 |
|
|
|a (urnnbn)urn:nbn:sk:snk:ar-005j10
|
| 035 |
|
|
|a (uuid)9d698ca8-6097-41c6-8693-a54f10dfc39d
|
| 035 |
|
|
|a urn:nbn:sk:snk-ab7zkt
|
| 040 |
|
|
|a SNKBUCL
|b slo
|c SNKBUCL
|e AACR2
|
| 041 |
0 |
|
|a eng
|
| 044 |
|
|
|a xo
|c SK
|
| 080 |
|
|
|a 553.411(497.1 Macedónsko)
|2 1997
|
| 100 |
1 |
|
|a Stefanova, Violeta
|4 aut
|9 1408926
|
| 245 |
1 |
0 |
|a Gold occurrences and deposits in the Buchim ore field, Eastern Macedonia
|c Violeta Stefanova, Nikola Tudzarov, Gorgi Mitevski
|
| 650 |
0 |
7 |
|a zlato
|2 snkbucl
|9 17575
|
| 651 |
|
7 |
|a Buchim (Macedónsko : ložisko)
|2 snkbucl
|9 1408927
|
| 655 |
|
7 |
|a články z novín a časopisov
|2 snkbucl
|9 267496
|
| 700 |
1 |
|
|a Tudzarov, Nikola
|4 aut
|9 1408928
|
| 700 |
1 |
|
|a Mitevski, Gorgi
|4 aut
|9 1408929
|
| 773 |
0 |
|
|t Mineralia slovaca
|g Roč. 31, č. 3-4 (1999), s. 328
|x 0369-2086
|
| 850 |
|
|
|a Slovenská národná knižnica
|
| 852 |
|
|
|a Slovenská národná knižnica
|
| 958 |
|
|
|a article9
|
| 958 |
|
|
|a OND
|
| 958 |
|
|
|a MK
|
| 958 |
|
|
|a EUIPO
|
| 992 |
|
|
|a RBX
|
| 999 |
|
|
|c 2859949
|d 2861879
|